[Event "XLIV Memoriał Szachowy Ludwika Zamenhofa 2025, Grupa B"]
[Site "Bialystok, Poland"]
[Date "2025.12.29"]
[Round "6.15"]
[White "Mykhaliuk, Mykhailo"]
[Black "Fuks, Milan"]
[Result "1-0"]
[TimeControl "90'+30\""]
[WhiteElo "1775"]
[BlackElo "1917"]

1. d4 {[%clk 01:29:29]} {[%emt 00:01:31]} d5 {[%clk 01:30:17]} {[%emt
00:00:42]} 2. Nf3 {[%clk 01:29:31]} {[%emt 00:00:29]} Nf6 {[%clk 01:30:25]}
{[%emt 00:00:19]} 3. c4 {[%clk 01:29:04]} {[%emt 00:01:00]} dxc4 {[%clk
01:30:22]} {[%emt 00:00:33]} 4. Qa4+ {[%clk 01:29:00]} {[%emt 00:00:35]} Nbd7
{[%clk 01:29:53]} {[%emt 00:00:58]} 5. Qxc4 {[%clk 01:29:10]} {[%emt 00:00:20]}
e6 {[%clk 01:29:09]} {[%emt 00:01:14]} 6. Nc3 {[%clk 01:28:45]} {[%emt
00:00:54]} c5 {[%clk 01:21:20]} {[%emt 00:08:20]} 7. e3 {[%clk 01:27:09]}
{[%emt 00:02:05]} a6 {[%clk 01:19:57]} {[%emt 00:01:54]} 8. a4 {[%clk
01:27:07]} {[%emt 00:00:32]} Be7 {[%clk 01:17:25]} {[%emt 00:03:02]} 9. Be2
{[%clk 01:26:31]} {[%emt 00:01:02]} O-O {[%clk 01:16:03]} {[%emt 00:01:55]} 10.
O-O {[%clk 01:26:40]} {[%emt 00:00:22]} Qc7 {[%clk 01:07:41]} {[%emt 00:08:52]}
11. e4 {[%clk 01:22:45]} {[%emt 00:04:23]} Nb6 {[%clk 01:05:33]} {[%emt
00:02:39]} 12. Qa2 {[%clk 01:22:41]} {[%emt 00:00:32]} cxd4 {[%clk 01:04:47]}
{[%emt 00:01:20]} 13. Nxd4 {[%clk 01:23:01]} {[%emt 00:00:08]} e5 {[%clk
01:03:32]} {[%emt 00:01:47]} 14. Nf3 {[%clk 01:21:17]} {[%emt 00:02:13]} Be6
{[%clk 01:03:35]} {[%emt 00:00:27]} 15. Qb1 {[%clk 01:21:21]} {[%emt 00:00:27]}
h6 {[%clk 01:02:53]} {[%emt 00:01:11]} 16. Be3 {[%clk 01:20:37]} {[%emt
00:01:14]} Bc5 {[%clk 00:52:16]} {[%emt 00:11:07]} 17. Bxc5 {[%clk 01:20:08]}
{[%emt 00:00:59]} Qxc5 {[%clk 00:50:55]} {[%emt 00:01:52]} 18. a5 {[%clk
01:19:28]} {[%emt 00:01:09]} Nbd7 {[%clk 00:50:00]} {[%emt 00:01:25]} 19. h3
{[%clk 01:18:53]} {[%emt 00:01:05]} Rfd8 {[%clk 00:49:22]} {[%emt 00:01:07]} 20.
Rc1 {[%clk 01:19:11]} {[%emt 00:00:12]} Rac8 {[%clk 00:47:46]} {[%emt
00:02:08]} 21. b4 {[%clk 01:17:19]} {[%emt 00:02:20]} Qa7 {[%clk 00:45:13]}
{[%emt 00:03:04]} 22. Bd3 {[%clk 01:15:31]} {[%emt 00:02:18]} Qb8 {[%clk
00:44:17]} {[%emt 00:01:27]} 23. Ne2 {[%clk 01:14:15]} {[%emt 00:01:44]} Rxc1+
{[%clk 00:40:49]} {[%emt 00:03:59]} 24. Qxc1 {[%clk 01:13:45]} {[%emt
00:00:59]} Rc8 {[%clk 00:38:15]} {[%emt 00:03:04]} 25. Qb2 {[%clk 01:13:13]}
{[%emt 00:01:02]} Qd6 {[%clk 00:35:49]} {[%emt 00:02:58]} 26. Rd1 {[%clk
01:12:59]} {[%emt 00:00:41]} Ne8 {[%clk 00:31:04]} {[%emt 00:05:17]} 27. Ng3
{[%clk 01:11:04]} {[%emt 00:02:24]} g6 {[%clk 00:28:05]} {[%emt 00:03:30]} 28.
Bc2 {[%clk 01:10:26]} {[%emt 00:01:08]} Qe7 {[%clk 00:27:03]} {[%emt 00:01:32]}
29. Ba4 {[%clk 01:10:21]} {[%emt 00:00:35]} f6 {[%clk 00:25:15]} {[%emt
00:02:17]} 30. Bxd7 {[%clk 01:09:03]} {[%emt 00:01:49]} Bxd7 {[%clk 00:25:30]}
{[%emt 00:00:15]} 31. Qd2 {[%clk 01:09:16]} {[%emt 00:00:14]} Be6 {[%clk
00:22:30]} {[%emt 00:03:33]} 32. Qxh6 {[%clk 01:09:11]} {[%emt 00:00:35]} Bf7
{[%clk 00:22:18]} {[%emt 00:00:43]} 33. Nh4 {[%clk 01:07:58]} {[%emt 00:01:39]}
Qf8 {[%clk 00:21:03]} {[%emt 00:01:49]} 34. Qd2 {[%clk 01:06:28]} {[%emt
00:01:57]} Rc4 {[%clk 00:20:55]} {[%emt 00:00:40]} 35. Rb1 {[%clk 01:05:40]}
{[%emt 00:01:18]} Nd6 {[%clk 00:18:45]} {[%emt 00:02:40]} 36. Qe3 {[%clk
01:02:50]} {[%emt 00:03:19]} Nb5 {[%clk 00:17:07]} {[%emt 00:02:10]} 37. Qb6
{[%clk 01:02:42]} {[%emt 00:00:35]} Qe7 {[%clk 00:15:51]} {[%emt 00:01:48]} 38.
Nhf5 {[%clk 00:56:38]} {[%emt 00:06:34]} gxf5 {[%clk 00:14:58]} {[%emt
00:01:23]} 39. Nxf5 {[%clk 00:56:42]} {[%emt 00:00:05]} Qe6 {[%clk 00:11:17]}
{[%emt 00:04:32]} 40. Qd8+ {[%clk 00:55:27]} {[%emt 00:01:44]} Be8 {[%clk
00:11:27]} {[%emt 00:00:21]} 41. Rb3 {[%clk 00:54:14]} {[%emt 00:01:42]} Rxe4
{[%clk 00:04:14]} {[%emt 00:07:44]} 42. Rg3+ {[%clk 00:54:07]} {[%emt
00:00:36]} Kf8 {[%clk 00:04:30]} {[%emt 00:00:15]} 43. Nh6 {[%clk 00:51:08]}
{[%emt 00:03:29]} Rd4 {[%clk 00:03:49]} {[%emt 00:01:11]} 44. Rg8+ {[%clk
00:50:54]} {[%emt 00:00:43]} Qxg8 {[%clk 00:04:18]} {[%emt 00:00:02]} 45. Qxf6+
{[%clk 00:50:54]} {[%emt 00:00:30]} Bf7 {[%clk 00:04:34]} {[%emt 00:00:13]} 46.
Nxg8 {[%clk 00:51:07]} {[%emt 00:00:18]} Kxg8 {[%clk 00:04:53]} {[%emt
00:00:11]} 47. Qxe5 {[%clk 00:51:11]} {[%emt 00:00:25]} Rxb4 {[%clk 00:04:41]}
{[%emt 00:00:43]} 48. Qb8+ {[%clk 00:49:14]} {[%emt 00:02:27]} Kg7 {[%clk
00:04:58]} {[%emt 00:00:14]} 49. Qxb7 {[%clk 00:49:21]} {[%emt 00:00:21]} Rb2
{[%clk 00:04:47]} {[%emt 00:00:40]} 50. Qxa6 {[%clk 00:48:46]} {[%emt
00:01:06]} Bd5 {[%clk 00:04:17]} {[%emt 00:01:00]} 51. Qc8 {[%clk 00:48:44]}
{[%emt 00:00:31]} Rb1+ {[%clk 00:04:16]} {[%emt 00:00:33]} 52. Kh2 {[%clk
00:48:57]} {[%emt 00:00:12]} Kf6 {[%clk 00:04:45]} 53. a6 {[%clk 00:48:47]}
{[%emt 00:00:46]} Be6 {[%clk 00:04:41]} {[%emt 00:00:34]} 54. Qb8 {[%clk
00:48:35]} {[%emt 00:00:42]} Bd5 {[%clk 00:03:53]} {[%emt 00:01:18]} 55. a7
{[%clk 00:48:35]} {[%emt 00:00:30]} Ke6 {[%clk 00:03:45]} {[%emt 00:00:37]} 56.
Qg8+ {[%clk 00:48:39]} {[%emt 00:00:26]} Ke5 {[%clk 00:04:02]} {[%emt
00:00:13]} 57. Qxd5+ {[%clk 00:48:56]} {[%emt 00:00:14]} Kxd5 {[%clk 00:04:29]}
{[%emt 00:00:04]} 58. a8=Q+ {[%clk 00:49:15]} {[%emt 00:00:10]} Kd4 {[%clk
00:04:52]} {[%emt 00:00:07]} 59. Qe8 {[%clk 00:48:47]} {[%emt 00:00:57]} Nc3
{[%clk 00:05:14]} {[%emt 00:00:08]} 60. f4 {[%clk 00:48:46]} {[%emt 00:00:32]}
Ne4 {[%clk 00:05:37]} {[%emt 00:00:07]} 61. Qe5+ {[%clk 00:48:37]} {[%emt
00:00:37]} Kd3 {[%clk 00:06:00]} {[%emt 00:00:09]} 62. f5 {[%clk 00:47:21]}
{[%emt 00:01:45]} Nd2 {[%clk 00:06:27]} {[%emt 00:00:04]} 63. h4 {[%clk
00:46:52]} {[%emt 00:00:59]} Nf1+ {[%clk 00:04:08]} {[%emt 00:02:49]} 64. Kh3
{[%clk 00:47:00]} {[%emt 00:00:17]} Ne3 {[%clk 00:04:34]} {[%emt 00:00:08]} 65.
f6 {[%clk 00:45:57]} {[%emt 00:01:32]} Ke2 {[%clk 00:04:45]} {[%emt 00:00:21]}
66. f7 {[%clk 00:45:21]} {[%emt 00:01:05]} Rh1+ {[%clk 00:04:10]} {[%emt
00:01:06]} 67. Kg3 {[%clk 00:45:21]} {[%emt 00:00:21]} Rf1 {[%clk 00:04:38]}
{[%emt 00:00:11]} 68. Qb5+ {[%clk 00:45:18]} {[%emt 00:00:32]} Ke1 {[%clk
00:04:54]} {[%emt 00:00:14]} 69. f8=Q {[%clk 00:45:17]} {[%emt 00:00:31]} Rxf8
{[%clk 00:04:58]} {[%emt 00:00:27]} 70. Qb4+ {[%clk 00:45:31]} {[%emt
00:00:16]} Kf1 {[%clk 00:05:27]} 71. Qxf8+ {[%clk 00:45:37]} {[%emt 00:00:25]}
Kg1 {[%clk 00:05:55]} {[%emt 00:00:01]} 72. Qf2+ {[%clk 00:45:50]} {[%emt
00:00:17]} Kh1 {[%clk 00:06:21]} {[%emt 00:00:04]} 73. Qe1+ {[%clk 00:46:08]}
{[%emt 00:00:11]} 1-0

[Event "XLIV Memoriał Szachowy Ludwika Zamenhofa 2025, Grupa B"]
[Site "Bialystok, Poland"]
[Date "2025.12.29"]
[Round "6.16"]
[White "Kicinska, Anna"]
[Black "Wnorowski, Lukasz"]
[Result "1-0"]
[TimeControl "90'+30\""]
[WhiteElo "1901"]
[BlackElo "1616"]

1. d4 {[%clk 01:30:59]} {[%emt 00:00:01]} Nf6 {[%clk 01:30:54]} {[%emt
00:00:06]} 2. Nf3 {[%clk 01:31:24]} {[%emt 00:00:05]} e6 {[%clk 01:31:20]}
{[%emt 00:00:04]} 3. Bg5 {[%clk 01:31:50]} {[%emt 00:00:04]} h6 {[%clk
01:31:38]} {[%emt 00:00:13]} 4. Bxf6 {[%clk 01:32:14]} {[%emt 00:00:05]} Qxf6
{[%clk 01:32:02]} {[%emt 00:00:06]} 5. Nbd2 {[%clk 01:32:39]} {[%emt 00:00:05]}
g5 {[%clk 01:32:11]} {[%emt 00:00:21]} 6. c3 {[%clk 01:32:24]} {[%emt
00:00:45]} b6 {[%clk 01:31:39]} {[%emt 00:01:03]} 7. e4 {[%clk 01:31:42]}
{[%emt 00:01:11]} Bb7 {[%clk 01:31:36]} {[%emt 00:00:32]} 8. Bd3 {[%clk
01:29:11]} {[%emt 00:03:01]} d6 {[%clk 01:28:38]} {[%emt 00:03:29]} 9. h3
{[%clk 01:21:56]} {[%emt 00:07:45]} Nd7 {[%clk 01:23:45]} {[%emt 00:05:24]} 10.
Qa4 {[%clk 01:17:01]} {[%emt 00:05:25]} a6 {[%clk 01:20:54]} {[%emt 00:03:21]}
11. O-O-O {[%clk 01:14:00]} {[%emt 00:03:31]} b5 {[%clk 01:20:35]} {[%emt
00:00:49]} 12. Qc2 {[%clk 01:13:21]} {[%emt 00:01:08]} c5 {[%clk 01:18:40]}
{[%emt 00:02:25]} 13. Kb1 {[%clk 01:06:09]} {[%emt 00:07:42]} Rc8 {[%clk
01:15:43]} {[%emt 00:03:27]} 14. d5 {[%clk 00:56:15]} {[%emt 00:10:24]} exd5
{[%clk 01:12:52]} {[%emt 00:03:21]} 15. exd5 {[%clk 00:56:40]} {[%emt
00:00:06]} Bxd5 {[%clk 01:12:17]} {[%emt 00:01:04]} 16. Be4 {[%clk 00:54:51]}
{[%emt 00:02:19]} Be6 {[%clk 01:09:47]} {[%emt 00:02:59]} 17. Rhe1 {[%clk
00:51:35]} {[%emt 00:03:46]} Be7 {[%clk 01:07:56]} {[%emt 00:02:22]} 18. Bb7
{[%clk 00:48:55]} {[%emt 00:03:10]} Rb8 {[%clk 01:04:19]} {[%emt 00:04:07]} 19.
Ne4 {[%clk 00:48:22]} {[%emt 00:01:03]} Qf4 {[%clk 01:01:46]} {[%emt 00:03:02]}
20. Bd5 {[%clk 00:42:03]} {[%emt 00:06:49]} O-O {[%clk 00:59:23]} {[%emt
00:02:53]} 21. Bxe6 {[%clk 00:41:27]} {[%emt 00:01:07]} fxe6 {[%clk 00:59:03]}
{[%emt 00:00:51]} 22. Nxd6 {[%clk 00:41:34]} {[%emt 00:00:22]} Bxd6 {[%clk
00:56:32]} {[%emt 00:03:01]} 23. Qg6+ {[%clk 00:41:58]} {[%emt 00:00:06]} Kh8
{[%clk 00:56:51]} {[%emt 00:00:11]} 24. Qxh6+ {[%clk 00:42:24]} {[%emt
00:00:05]} Kg8 {[%clk 00:57:08]} {[%emt 00:00:12]} 25. Qxe6+ {[%clk 00:42:45]}
{[%emt 00:00:09]} Kh8 {[%clk 00:56:43]} {[%emt 00:00:54]} 26. Qh6+ {[%clk
00:42:13]} {[%emt 00:01:02]} Kg8 {[%clk 00:57:03]} {[%emt 00:00:11]} 27. Rxd6
{[%clk 00:42:10]} {[%emt 00:00:34]} Nf6 {[%clk 00:56:09]} {[%emt 00:01:22]} 28.
Re7 {[%clk 00:41:04]} {[%emt 00:01:36]} Qf5+ {[%clk 00:55:19]} {[%emt
00:01:20]} 29. Ka1 {[%clk 00:41:09]} {[%emt 00:00:26]} Rf7 {[%clk 00:55:32]}
{[%emt 00:00:17]} 30. Rxf7 {[%clk 00:41:02]} {[%emt 00:00:37]} Kxf7 {[%clk
00:55:48]} {[%emt 00:00:14]} 31. Nxg5+ {[%clk 00:40:43]} {[%emt 00:00:49]} Ke7
{[%clk 00:56:06]} {[%emt 00:00:12]} 32. Re6+ {[%clk 00:40:50]} {[%emt
00:00:23]} Kd7 {[%clk 00:56:22]} {[%emt 00:00:15]} 33. Qg7+ {[%clk 00:40:55]}
{[%emt 00:00:24]} Kc8 {[%clk 00:56:34]} {[%emt 00:00:18]} 34. Rxf6 {[%clk
00:40:53]} {[%emt 00:00:33]} Qd7 {[%clk 00:56:48]} {[%emt 00:00:16]} 35. Rf8+
{[%clk 00:41:03]} {[%emt 00:00:19]} Kc7 {[%clk 00:57:13]} {[%emt 00:00:05]} 36.
Qxd7+ {[%clk 00:41:24]} {[%emt 00:00:10]} Kxd7 {[%clk 00:57:37]} {[%emt
00:00:05]} 37. Rxb8 {[%clk 00:41:48]} {[%emt 00:00:05]} 1-0

[Event "XLIV Memoriał Szachowy Ludwika Zamenhofa 2025, Grupa B"]
[Site "Bialystok, Poland"]
[Date "2025.12.29"]
[Round "6.17"]
[White "Czachurski, Ignacy"]
[Black "Jaszczuk, Piotr"]
[Result "1/2-1/2"]
[TimeControl "90'+30\""]
[WhiteElo "1890"]
[BlackElo "1844"]

1. e4 {[%clk 01:27:26]} {[%emt 00:03:34]} c5 {[%clk 01:30:59]} {[%emt
00:00:02]} 2. Nf3 {[%clk 01:27:50]} {[%emt 00:00:06]} Nc6 {[%clk 01:31:25]}
{[%emt 00:00:04]} 3. Bb5 {[%clk 01:27:44]} {[%emt 00:00:36]} Nf6 {[%clk
01:31:46]} {[%emt 00:00:09]} 4. Nc3 {[%clk 01:28:09]} {[%emt 00:00:06]} g6
{[%clk 01:32:05]} {[%emt 00:00:10]} 5. O-O {[%clk 01:26:50]} {[%emt 00:01:48]}
Bg7 {[%clk 01:32:00]} {[%emt 00:00:36]} 6. Re1 {[%clk 01:26:03]} {[%emt
00:01:15]} O-O {[%clk 01:30:51]} {[%emt 00:01:40]} 7. h3 {[%clk 01:16:59]}
{[%emt 00:09:33]} a6 {[%clk 01:28:55]} {[%emt 00:02:27]} 8. Bf1 {[%clk
01:16:36]} {[%emt 00:00:52]} d6 {[%clk 01:27:26]} {[%emt 00:02:00]} 9. d3
{[%clk 01:14:06]} {[%emt 00:02:59]} b5 {[%clk 01:21:12]} {[%emt 00:06:45]} 10.
Bf4 {[%clk 01:06:54]} {[%emt 00:07:41]} Nh5 {[%clk 01:11:39]} {[%emt 00:10:04]}
11. Bh2 {[%clk 01:06:54]} {[%emt 00:00:29]} b4 {[%clk 01:11:19]} {[%emt
00:00:52]} 12. Nd5 {[%clk 00:59:06]} {[%emt 00:08:16]} e6 {[%clk 01:06:22]}
{[%emt 00:05:29]} 13. Ne3 {[%clk 00:55:55]} {[%emt 00:03:39]} Bxb2 {[%clk
01:06:06]} {[%emt 00:00:48]} 14. Bxd6 {[%clk 00:55:16]} {[%emt 00:01:09]} Bxa1
{[%clk 00:53:35]} {[%emt 00:13:01]} 15. Bxf8 {[%clk 00:54:57]} {[%emt
00:00:48]} Bd4 {[%clk 00:53:09]} {[%emt 00:00:56]} 16. Bh6 {[%clk 00:54:37]}
{[%emt 00:00:48]} Bc3 {[%clk 00:53:29]} {[%emt 00:00:12]} 17. Re2 {[%clk
00:52:50]} {[%emt 00:02:16]} a5 {[%clk 00:42:04]} {[%emt 00:11:57]} 18. Ng4
{[%clk 00:46:33]} {[%emt 00:06:45]} e5 {[%clk 00:32:09]} {[%emt 00:10:26]} 19.
Bg5 {[%clk 00:42:24]} {[%emt 00:04:38]} f6 {[%clk 00:28:29]} {[%emt 00:04:11]}
20. Bd2 {[%clk 00:39:07]} {[%emt 00:03:47]} Nd4 {[%clk 00:18:53]} {[%emt
00:10:06]} 21. Nxd4 {[%clk 00:38:25]} {[%emt 00:01:11]} cxd4 {[%clk 00:19:09]}
{[%emt 00:00:15]} 22. Bxc3 {[%clk 00:36:03]} {[%emt 00:02:52]} bxc3 {[%clk
00:18:17]} {[%emt 00:01:23]} 23. Qb1 {[%clk 00:35:50]} {[%emt 00:00:41]} Be6
{[%clk 00:18:36]} {[%emt 00:00:12]} 24. Re1 {[%clk 00:33:24]} {[%emt 00:02:55]}
Rb8 {[%clk 00:18:55]} {[%emt 00:00:12]} 25. Qc1 {[%clk 00:30:35]} {[%emt
00:03:17]} Rb2 {[%clk 00:17:32]} {[%emt 00:01:55]} 26. Be2 {[%clk 00:30:06]}
{[%emt 00:00:59]} Nf4 {[%clk 00:14:26]} {[%emt 00:03:37]} 27. g3 {[%clk
00:28:47]} {[%emt 00:01:48]} Nxe2+ {[%clk 00:12:39]} {[%emt 00:02:18]} 28. Rxe2
{[%clk 00:29:09]} {[%emt 00:00:08]} Bxg4 {[%clk 00:12:59]} {[%emt 00:00:10]} 29.
hxg4 {[%clk 00:29:29]} {[%emt 00:00:09]} Qb6 {[%clk 00:13:19]} {[%emt
00:00:11]} 30. Qh6 {[%clk 00:28:35]} {[%emt 00:01:22]} Rxa2 {[%clk 00:12:53]}
{[%emt 00:00:57]} 31. Re1 {[%clk 00:28:14]} {[%emt 00:00:49]} Rb2 {[%clk
00:11:24]} {[%emt 00:02:02]} 32. g5 {[%clk 00:27:47]} {[%emt 00:00:56]} Rb1
{[%clk 00:09:42]} {[%emt 00:02:12]} 33. Rxb1 {[%clk 00:27:38]} {[%emt
00:00:39]} Qxb1+ {[%clk 00:10:06]} {[%emt 00:00:07]} 34. Kg2 {[%clk 00:27:51]}
{[%emt 00:00:15]} Qc1 {[%clk 00:07:28]} {[%emt 00:03:10]} 35. Qh3 {[%clk
00:27:13]} {[%emt 00:01:07]} Qxg5 {[%clk 00:07:19]} {[%emt 00:00:40]} 36. Qc8+
{[%clk 00:27:12]} {[%emt 00:00:29]} Kg7 {[%clk 00:07:45]} {[%emt 00:00:05]} 37.
Qc7+ {[%clk 00:27:26]} {[%emt 00:00:15]} Kh6 {[%clk 00:08:10]} {[%emt
00:00:05]} 38. Qxa5 {[%clk 00:27:07]} {[%emt 00:00:50]} Qd2 {[%clk 00:08:11]}
{[%emt 00:00:29]} 39. Qa2 {[%clk 00:26:32]} {[%emt 00:01:00]} Kg5 {[%clk
00:06:25]} {[%emt 00:02:21]} 40. Qb1 {[%clk 00:26:20]} {[%emt 00:00:42]} h5
{[%clk 00:06:39]} {[%emt 00:00:16]} 41. Kf3 {[%clk 00:24:38]} {[%emt 00:02:10]}
Kh6 {[%clk 00:06:22]} {[%emt 00:00:50]} 42. Kg2 {[%clk 00:24:01]} {[%emt
00:01:07]} Qe2 {[%clk 00:05:47]} {[%emt 00:01:05]} 43. Qc1+ {[%clk 00:23:02]}
{[%emt 00:01:28]} Qd2 {[%clk 00:06:13]} {[%emt 00:00:05]} 44. Qb1 {[%clk
00:23:26]} {[%emt 00:00:06]} h4 {[%clk 00:05:59]} {[%emt 00:00:44]} 45. Qb8
{[%clk 00:17:56]} {[%emt 00:05:59]} hxg3 {[%clk 00:05:49]} {[%emt 00:00:39]} 46.
Kh3 {[%clk 00:17:10]} {[%emt 00:01:17]} Kg5 {[%clk 00:04:55]} {[%emt 00:01:25]}
47. Qh8 {[%clk 00:16:46]} {[%emt 00:00:52]} Qf4 {[%clk 00:05:15]} {[%emt
00:00:11]} 48. f3 {[%clk 00:15:54]} {[%emt 00:01:22]} f5 {[%emt 00:00:19]} 49.
Qd8+ {[%clk 00:15:40]} {[%emt 00:00:42]} Kh5 {[%clk 00:05:47]} {[%emt
00:00:12]} 50. Qh8+ {[%clk 00:14:56]} {[%emt 00:01:13]} Kg5 {[%clk 00:06:10]}
{[%emt 00:00:08]} 51. Qd8+ {[%clk 00:14:49]} {[%emt 00:00:36]} Kh5 {[%clk
00:06:36]} {[%emt 00:00:04]} 1/2-1/2

[Event "XLIV Memoriał Szachowy Ludwika Zamenhofa 2025, Grupa B"]
[Site "Bialystok, Poland"]
[Date "2025.12.29"]
[Round "6.18"]
[White "Wasiluk, Mateusz"]
[Black "Krzyzosiak, Marta"]
[Result "1/2-1/2"]
[TimeControl "90'+30\""]
[WhiteElo "1890"]
[BlackElo "1793"]

1. e4 {[%clk 01:30:57]} {[%emt 00:00:02]} c5 {[%clk 01:30:53]} {[%emt
00:00:07]} 2. Nf3 {[%clk 01:31:16]} {[%emt 00:00:12]} d6 {[%clk 01:31:14]}
{[%emt 00:00:08]} 3. d4 {[%clk 01:31:37]} {[%emt 00:00:09]} cxd4 {[%clk
01:31:36]} {[%emt 00:00:09]} 4. Nxd4 {[%clk 01:31:59]} {[%emt 00:00:08]} Nf6
{[%clk 01:31:57]} {[%emt 00:00:08]} 5. Nc3 {[%clk 01:32:22]} {[%emt 00:00:07]}
a6 {[%clk 01:32:19]} {[%emt 00:00:08]} 6. Bg5 {[%clk 01:32:46]} {[%emt
00:00:06]} e6 {[%clk 01:32:43]} {[%emt 00:00:07]} 7. f4 {[%clk 01:33:10]}
{[%emt 00:00:06]} Be7 {[%clk 01:33:08]} {[%emt 00:00:05]} 8. Qf3 {[%clk
01:33:33]} {[%emt 00:00:06]} Qc7 {[%clk 01:33:30]} {[%emt 00:00:08]} 9. O-O-O
{[%clk 01:33:55]} {[%emt 00:00:08]} Nbd7 {[%clk 01:33:48]} {[%emt 00:00:13]} 10.
Bd3 {[%clk 01:34:18]} {[%emt 00:00:06]} b5 {[%clk 01:33:35]} {[%emt 00:00:44]}
11. Rhe1 {[%clk 01:34:42]} {[%emt 00:00:06]} Bb7 {[%clk 01:33:51]} {[%emt
00:00:14]} 12. Qg3 {[%clk 01:35:03]} {[%emt 00:00:09]} h6 {[%clk 01:33:53]}
{[%emt 00:00:27]} 13. Bxf6 {[%clk 01:35:10]} {[%emt 00:00:23]} Bxf6 {[%clk
01:17:57]} {[%emt 00:16:26]} 14. Bxb5 {[%clk 01:35:32]} {[%emt 00:00:08]} axb5
{[%clk 01:18:21]} {[%emt 00:00:06]} 15. Ndxb5 {[%clk 01:35:55]} {[%emt
00:00:07]} Qb6 {[%clk 01:18:25]} {[%emt 00:00:27]} 16. Nxd6+ {[%clk 01:35:10]}
{[%emt 00:01:14]} Kf8 {[%clk 01:16:46]} {[%emt 00:02:08]} 17. e5 {[%clk
01:32:42]} {[%emt 00:02:59]} Be7 {[%clk 01:15:17]} {[%emt 00:01:58]} 18. f5
{[%clk 01:17:46]} {[%emt 00:15:27]} Bd5 {[%clk 00:58:07]} {[%emt 00:17:40]} 19.
Nxd5 {[%clk 01:08:13]} {[%emt 00:10:03]} exd5 {[%clk 00:58:20]} {[%emt
00:00:17]} 20. a3 {[%clk 01:03:58]} {[%emt 00:04:45]} Rb8 {[%clk 00:49:37]}
{[%emt 00:09:12]} 21. b4 {[%clk 01:02:24]} {[%emt 00:02:05]} Nxe5 {[%clk
00:41:16]} {[%emt 00:08:51]} 22. Qxe5 {[%clk 01:02:23]} {[%emt 00:00:31]} Bxd6
{[%clk 00:41:32]} {[%emt 00:00:14]} 23. Qxd5 {[%clk 01:02:30]} {[%emt
00:00:23]} Bf4+ {[%clk 00:41:23]} {[%emt 00:00:37]} 24. Kb1 {[%clk 00:59:24]}
{[%emt 00:03:38]} h5 {[%clk 00:40:12]} {[%emt 00:01:41]} 25. Qc4 {[%clk
00:46:36]} {[%emt 00:13:18]} Bd6 {[%clk 00:37:51]} {[%emt 00:02:50]} 26. f6
{[%clk 00:41:14]} {[%emt 00:05:53]} gxf6 {[%clk 00:37:25]} {[%emt 00:00:57]} 27.
Rd5 {[%clk 00:40:02]} {[%emt 00:01:41]} Kg7 {[%clk 00:34:58]} {[%emt 00:02:56]}
28. Red1 {[%clk 00:33:50]} {[%emt 00:06:42]} Be5 {[%clk 00:30:49]} {[%emt
00:04:40]} 29. Rd7 {[%clk 00:33:08]} {[%emt 00:01:12]} Rhf8 {[%clk 00:29:24]}
{[%emt 00:01:54]} 30. g4 {[%clk 00:27:22]} {[%emt 00:06:17]} h4 {[%clk
00:22:12]} {[%emt 00:07:43]} 31. h3 {[%clk 00:22:58]} {[%emt 00:04:52]} Rbc8
{[%clk 00:20:18]} {[%emt 00:02:24]} 32. Rxf7+ {[%clk 00:20:50]} {[%emt
00:02:38]} Rxf7 {[%clk 00:14:40]} {[%emt 00:06:09]} 33. Qxc8 {[%clk 00:21:13]}
{[%emt 00:00:07]} Rc7 {[%clk 00:11:56]} {[%emt 00:03:13]} 34. Rd7+ {[%clk
00:19:36]} {[%emt 00:02:08]} Rxd7 {[%clk 00:12:00]} {[%emt 00:00:26]} 35. Qxd7+
{[%clk 00:19:59]} {[%emt 00:00:07]} Kg8 {[%clk 00:11:58]} {[%emt 00:00:29]} 36.
Qe8+ {[%emt 00:09:43]} Kg7 {[%emt 00:00:04]} 37. Qe7+ Kg6 {[%emt 00:00:01]} 38.
Qe8+ Kg7 {[%emt 00:00:30]} 39. Qd7+ Kg6 40. Qf5+ {[%emt 00:00:07]} Kh6 {[%clk
00:09:06]} {[%emt 00:00:05]} 1/2-1/2